Administración de empresas (Registro nro. 14398)

Detalles MARC
000 -CABECERA
Longitud fija campo de control 00982cam a22002651 4500
003 - IDENTIFICADOR DELl NÚMERO DE CONTROL
Identificador del número de control OSt
005 - FECHA Y HORA DE LA ÚLTIMA TRANSACCIÓN
Fecha y hora de la última transacción 20150810180024.0
008 - CÓDIGOS DE INFORMACIÓN DE LONGITUD FIJA
Códigos de información de longitud fija 750903|19671966xx 000 0 spa
020 ## - NÚMERO INTERNACIONAL NORMALIZADO PARA LIBROS
Número Internacional Normalizado para Libros (ISBN) 968-18-0059-1 (1ª parte)
020 ## - NÚMERO INTERNACIONAL NORMALIZADO PARA LIBROS
Número Internacional Normalizado para Libros (ISBN) 968-18-0273-X (2ª parte)
040 ## - FUENTE DE LA CATALOGACIÓN
Centro transcriptor BMC
082 ## - NÚMERO DE LA CLASIFICACIÓN DECIMAL DEWEY
Númeroo de clasificación 658.04
100 1# - PUNTO DE ACCESO PRINCIPAL-NOMBRE DE PERSONA
Nombre de persona Reyes Ponce, Agustín
9 (RLIN) 8449
245 10 - MENCIÓN DE TÍTULO
Título Administración de empresas
Resto del título teoría y práctica
250 ## - MENCIÓN DE EDICIÓN
Mención de edición 1ª ed
260 ## - PUBLICACIÓN, DISTRIBUCIÓN, ETC. (PIE DE IMPRENTA)
Lugar de publicación, distribución, etc. México D.F. [etc.]
Nombre del editor, distribuidor, etc. Limusa
Fecha de publicación, distribución, etc. 1992
300 ## - DESCRIPCIÓN FÍSICA
Extensión 2 v.
Dimensiones 23 cm
500 ## - NOTA GENERAL
Nota general Inventario nº 1023419 : Ejemp. es fotocopia y enc. en pasta dura
500 ## - NOTA GENERAL
Nota general nventario nº 1023420 : Ejemp. es fotocopia y enc. en pasta dura
500 ## - NOTA GENERAL
Nota general nventario nº 1023421 : Ejemp. es fotocopia y enc. en pasta dura
500 ## - NOTA GENERAL
Nota general nventario nº 1023422 : Ejemp. es fotocopia y enc. en pasta dura
505 ## - NOTA DE CONTENIDO CON FORMATO
Nota de contenido con formato Primera parte: 1ª ed. 38ª reimp - Segunda parte: 1ª ed. 27ª reimp
650 24 - PUNTO DE ACCESO ADICIONAL DE MATERIA - TÉRMINO DE MATERIA
9 (RLIN) 3341
Término de materia o nombre geográfico como elemento inicial Gestión de empresas
942 ## - ENTRADA DE ELEMENTOS AGREGADOS (KOHA)
Fuente de clasificaión o esquema Dewey Decimal Classification
Koha [por defecto] tipo de item 1- Monografias
Parte de clasificación ahoj
Existencias
Suprimido Perdido Fuente de clasificación o esquema Estropeado Restricciones de uso No para préstamo Código de colección Localización permanente Localización actual Localización en estanter&íacute;as Fecha adquisición Fuente de adquisición Número de inventario Préstamos totales Signatura completa Código de barras Fecha última consulta Fecha último préstamo Coste, precio reemplazado Fecha del precio de reemplazo Tipo de item de Koha
NULL NULL Dewey Decimal Classification NULL Prestable NULL NULL Biblioteca Miguel de Cervantes - UNICAES Biblioteca Miguel de Cervantes - UNICAES Sala Principal 08/10/2014 Donación - UNICO 022817 4 658.04 REY adm (v. 1) 1023270 14/07/2025 11/07/2025 30.00 08/10/2014 1- Monografias
NULL NULL Dewey Decimal Classification NULL Prestable NULL NULL Biblioteca Miguel de Cervantes - UNICAES Biblioteca Miguel de Cervantes - UNICAES Sala Principal 07/03/1994 Donación - UNICO 022818 2 658.04 REY adm (v. 2) 1023271 05/09/2018 31/08/2018 30.00 08/10/2014 1- Monografias
NULL NULL Dewey Decimal Classification NULL Prestable NULL NULL Biblioteca Miguel de Cervantes - UNICAES Biblioteca Miguel de Cervantes - UNICAES Sala Principal 04/01/2007 Compra 022961   658.04 REY adm (v. 1) 1023419 11/10/2014   30.00 11/10/2014 1- Monografias
NULL NULL Dewey Decimal Classification NULL Prestable NULL NULL Biblioteca Miguel de Cervantes - UNICAES Biblioteca Miguel de Cervantes - UNICAES Sala Principal 04/01/2007 Compra 022962 1 658.04 REY adm (v. 1) 1023420 14/07/2025 11/07/2025 30.00 11/10/2014 1- Monografias
NULL NULL Dewey Decimal Classification NULL Prestable NULL NULL Biblioteca Miguel de Cervantes - UNICAES Biblioteca Miguel de Cervantes - UNICAES Sala Principal 04/01/2007 Compra 022963   658.04 REY adm (v. 2) 1023421 11/10/2014   30.00 11/10/2014 1- Monografias
NULL NULL Dewey Decimal Classification NULL Prestable NULL NULL Biblioteca Miguel de Cervantes - UNICAES Biblioteca Miguel de Cervantes - UNICAES Sala Principal 04/01/2007 Compra 022964   658.04 REY adm (v. 2) 1023422 11/10/2014   30.00 11/10/2014 1- Monografias